000 00283nam a2200109Ia 4500
008 200302s9999 xx 000 0 und d
100 _aAndrea E Monfried (Ed)
245 _a Work in Progress- Krueck Sexton
260 _bMonacelli Press Ltd ., HongKong
260 _c1997
300 _a190
999 _c4738
_d4738